Luật biển Việt Nam

Wedi'i Gadw mewn:
Manylion Llyfryddiaeth
Awdur Corfforaethol: Việt Nam (CHXHCN) . Luật và sắc lệnh
Fformat: Llyfr
Iaith:Undetermined
Cyhoeddwyd: Hà Nội Chính trị Quốc gia 2012
Pynciau:
Tagiau: Ychwanegu Tag
Dim Tagiau, Byddwch y cyntaf i dagio'r cofnod hwn!
Thư viện lưu trữ: Trung tâm Học liệu Trường Đại học Cần Thơ
LEADER 00610nam a2200205Ia 4500
001 CTU_177204
008 210402s9999 xx 000 0 und d
020 |c 10000 
082 |a 341.4 
082 |b L504 
110 |a Việt Nam (CHXHCN) . Luật và sắc lệnh 
245 0 |a Luật biển Việt Nam 
245 0 |c Việt Nam (CHXHCN) 
260 |a Hà Nội 
260 |b Chính trị Quốc gia 
260 |c 2012 
650 |a Law of the Sea,Luật biển Việt Nam 
650 |z Vietnam 
910 |a Nguyên 
980 |a Trung tâm Học liệu Trường Đại học Cần Thơ